Our Quaid-E-Azam : (Record no. 4373)
[ view plain ]
| 000 -LEADER | |
|---|---|
| fixed length control field | 00561nam a2200205 a 4500 |
| 001 - CONTROL NUMBER | |
| JCCL Control Number | 4373 |
| 003 - CONTROL NUMBER IDENTIFIER | |
| JCCL marc code | BD-JhCC |
| 005 - DATE AND TIME OF LATEST TRANSACTION | |
| control field | 20171129102749.0 |
| 008 - FIXED-LENGTH DATA ELEMENTS--GENERAL INFORMATION | |
| fixed length control field | 171126s1966 b a|||| |||| 00| 0 eng d |
| 035 ## - SYSTEM CONTROL NUMBER | |
| system control number | (BD-JhCC) |
| 040 ## - CATALOGING SOURCE | |
| Original cataloging agency | BD-JhCC |
| Modifying agency | BD-JhCC |
| 041 ## - LANGUAGE CODE | |
| Language code of Book | eng |
| 082 ## - DEWEY DECIMAL CLASSIFICATION NUMBER | |
| Classification number | 920 |
| Author mark and Year | KHA 1966 |
| 100 ## - MAIN ENTRY--PERSONAL NAME | |
| Personal name | Khan, Talehuddin |
| 245 ## - TITLE STATEMENT | |
| Title | Our Quaid-E-Azam : |
| Remainder of title | A biography of Mohammed Ali Jinnah for the young / |
| Statement of responsibility, etc | Talehuddin Khan |
| 260 ## - PUBLICATION, DISTRIBUTION, ETC. (IMPRINT) | |
| Place of publication, distribution, etc | Dacca-1 : |
| Name of publisher, distributor, etc | Orion Publications, |
| Date of publication, distribution, etc | 1966 |
| 300 ## - PHYSICAL DESCRIPTION | |
| Pagination | 99 p. : |
| Other physical details | ill. ; |
| Dimensions | 20cm. |
| 650 ## - SUBJECT ADDED ENTRY--TOPICAL TERM | |
| Topical term or geographic name as entry element | Biography |
| 942 ## - ADDED ENTRY ELEMENTS (KOHA) | |
| Source of classification or shelving scheme | Dewey Decimal Classification |
| Koha item type | Books |
| Source of classification or shelving scheme | Damaged status | Not for loan | Home library | Current library | Shelving location | Date of accession | Cost, normal purchase price | Total Checkouts | Full call number | Barcode | Date last seen | Copy number | Koha item type |
|---|---|---|---|---|---|---|---|---|---|---|---|---|---|
| Dewey Decimal Classification | JCC Rouf Library | JCC Rouf Library | General Stacks | 11/26/2017 | 3.50 | 920 KHA 1966 | 6054 | 11/26/2017 | C-1 | Books |